[Event "Wch U16"]
[Site "Caldas Novas"]
[Date "2011.11.18"]
[Round "1"]
[White "Terentjev, Vladislav"]
[Black "Ponkshe, Sarang"]
[Result "0-1"]
[WhiteElo "2344"]
[BlackElo "1949"]
[PlyCount "34"]
[EventDate "2011.11.18"]
[EventType "swiss"]
[EventRounds "9"]
[EventCountry "BRA"]
[SourceTitle "EXT 2013"]
[Source "ChessBase"]
[SourceDate "2012.11.22"]
[SourceVersion "1"]
[SourceVersionDate "2012.11.22"]
[SourceQuality "1"]

1. e4 e5 2. Bc4 Nf6 3. d3 Bc5 4. Nf3 Nc6 5. c3 Bb6 6. Qe2 d6 7. Bb3 Qe7 8. Nbd2 Be6 9. Bc2 h6 10. h3 0-0-0 11. b4 d5 12. b5 dxe4 13. bxc6 exf3 14. cxb7+ Kb8 15. Nxf3 Qc5 16. 0-0 Qxc3 17. Rb1 Qc6 0-1